Walkusz, Jan, 1955-. Wojenne losy duchowieństwa katolickiego ziemi kartuskiej 1939 - 1945. - Kartuzy : Remus. - 1999 [Rezension]

Titel: Walkusz, Jan, 1955-. Wojenne losy duchowieństwa katolickiego ziemi kartuskiej 1939 - 1945. - Kartuzy : Remus. - 1999 [Rezension]
Verfasser:
In: Studia Pelplińskie, Band 30 (2000), Seite 327-328
alle Artikel anzeigen
Veröffentlicht: 2000
Format: Aufsatz
Sprache: Polnisch
Kein Bild verfügbar
X
alg: 39526609
001A    $01999:12-11-16 
001B    $01999:09-08-21 $t17:45:40.000 
001D    $01999:12-11-16 
001U    $0utf8 
001X    $00 
002@    $0Aox 
003@    $0395266092 
007A    $0395266092 $aHEB 
007T    $0Herdt09001 
010@    $apol 
011@    $a2000 
021A    $aWalkusz, Jan, 1955-. Wojenne losy duchowieństwa katolickiego ziemi kartuskiej 1939 - 1945. - Kartuzy : Remus. -  1999 [Rezension] 
028A    $7141317043 $8Szulist, Władysław$Z1936- [Tp3] $9223413828 
031A    $d30 $h327-328 $j2000 
039B    $aIn $8--Abvc--. Studia Pelplińskie. - Pelplin : Wydawnictwo "Bernardinum", 1969-. - ISSN 0239-4456 $x200000000300000673 $9047489731 
039T    $8--Aay--Walkusz, Jan$Z1955- [Tp1]. Wojenne losy duchowieństwa katolickiego ziemi kartuskiej 1939 - 1945. - Kartuzy : Remus, 1999. - 59 S.. - Ill., Kt.. - ISBN 83-902180-5-4 $9369308476 
045F    $a900.94382 $eDDC23BSB 
045F/01 $a900 
045F/03 $g4382 
045F/03 $g43832 
045T    $aOST $qDE-12 $2FID 
045T    $a1 

lok: 39526609 78

exp: 39526609 78 1 #EPN
201B/01 $018-11-16 $t14:20:23.000 
201U/01 $0utf8 
203@/01 $0791604519 
208@/01 $a12-11-16 $be 
209A/01 $a/ $f000 $x00 
220C/01 $aTitelaufnehmer: uz 
244Z/01 $2Trx $#Prusy Wschodnie i Zachodnie $8--Trx--Ost- und Westpreußen $x01 $939113373X 
244Z/01 $2Trx $#arvustused $#recenzijos $#Reviews $#recenziók $#recenzje $#recenzie $#recenze $8--Trx--Rezensionen $x02 $9391357441 
247C/01 $82080>Marburg/Lahn, Herder-Institut, Forschungsbibliothek, Bibliographieportal $9336309341
LEADER 00000caa a22000002c 4500
001 395266092
003 DE-603
005 20210809174540.0
007 tu
008 161112s2000 xx |||| | u00||u|pol c
035 |a (DE-599)HEB395266092 
040 |a DE-603  |b ger  |c DE-603  |d DE-603 
041 |a pol 
082 0 4 |8 1\u  |a 900.94382  |q DE-101  |2 23/BSB 
084 |a OST  |q DE-12  |2 fid 
084 |a 1  |2 ssgn 
085 |8 1\u  |b 900 
085 |8 1\u  |z 2  |s 4382 
085 |8 1\u  |z 2  |s 43832 
100 1 |a Szulist, Władysław  |d 1936-  |0 (DE-603)223413828  |0 (DE-588)141317043  |2 gnd 
245 0 0 |a Walkusz, Jan, 1955-. Wojenne losy duchowieństwa katolickiego ziemi kartuskiej 1939 - 1945. - Kartuzy : Remus. - 1999 [Rezension] 
264 0 |c 2000 
773 0 8 |i In  |t Studia Pelplińskie  |d Pelplin : Wydawnictwo "Bernardinum", 1969-  |x 0239-4456  |g Band 30 (2000), Seite 327-328  |w (DE-603)047489731  |w (DE-600)304909-7 
787 0 8 |i Rezension von  |a Walkusz, Jan, 1955-  |t Wojenne losy duchowieństwa katolickiego ziemi kartuskiej 1939 - 1945  |d Kartuzy : Remus, 1999  |h 59 S., Ill., Kt.  |z 8390218054  |w (DE-603)369308476 
924 0 |9 2080  |a (DE-603)791604519  |b DE-2080  |c HES  |d d  |g /